An A–Z of lease terms for APC (Record no. 121950)

MARC details
000 -LEADER
fixed length control field 00844nab a22002537a 4500
007 - PHYSICAL DESCRIPTION FIXED FIELD--GENERAL INFORMATION
fixed length control field ta
008 - FIXED-LENGTH DATA ELEMENTS--GENERAL INFORMATION
fixed length control field 240607e20240603xxk||||o |||| 00| 0 eng d
041 ## - LANGUAGE CODE
Language code of text/sound track or separate title eng
100 ## - MAIN ENTRY--PERSONAL NAME
Personal author Lemen, Jen
110 ## - MAIN ENTRY--CORPORATE NAME
9 (RLIN) 4900
Corporate author Royal Institution of Chartered Surveyors
245 ## - TITLE STATEMENT
Title An A–Z of lease terms for APC
Statement of responsibility, etc [electronic resource]
260 ## - PUBLICATION INFORMATION
Publisher Royal Institution of Chartered Surveyors,
Date 31 May 2024
490 ## - SERIES TITLE
Series statement RICS Property Journal,
Volume 31 May 2024
650 ## - KEYWORDS
Keywords APC
650 ## - KEYWORDS
Keywords COMMERCIAL PROPERTY
650 ## - KEYWORDS
Keywords LANDLORD AND TENANT
650 ## - KEYWORDS
Keywords LANDLORD AND TENANT 1954
650 ## - KEYWORDS
Keywords LEASES
650 ## - KEYWORDS
Keywords RESIDENTIAL PROPERTY
651 ## - SUBJECT ADDED ENTRY--GEOGRAPHIC NAME
Geographic name United Kingdom
690 ## - LOCAL SUBJECT ADDED ENTRY--TOPICAL TERM (OCLC, RLIN)
Topical term or geographic name as entry element Landlord and tenant
9 (RLIN) 6252
700 ## - ADDED PERSONAL NAME
Added personal author Lemen, Jen
856 ## - ONLINE RESOURCE
Uniform Resource Identifier https://ww3.rics.org/uk/en/journals/property-journal/lease-terms-apc.html
Public note Available from RICS journals
Holdings
Withdrawn status Lost status Damaged status Not for loan Home library Current library Shelving location Date acquired Total Checkouts Date last seen Price effective from Koha item type
        Virtual Virtual Online 07/06/2024   07/06/2024 07/06/2024 Journal article